000 00613nam a2200217Ia 4500
005 20241129115703.0
008 241129s9999||||xx |||||||||||||| ||und||
020 _a9781032466477
037 _aTB
040 _aSDCL
_beng
_cSDCL
041 _aeng
_2eng
084 _aY15(V) R3;1
_qSDCL
100 _aAtwal Jyoti Ed.; Breathnach Ciara Ed.; Buckley Sarah-Anne Ed.
_9728086
245 0 _aGender and history : Ireland, 1852-1922
260 _aLondon
_bRoutledge
_c2023
300 _axix,291
365 _aINR
_b1595
650 _aHistory
942 _cTB
_hY15(V) R3;1
999 _c1231563
_d1231563